00746nam a2200217 a 4500001001000000003000900010005001700019007000300036008004100039040002500080082001700105100003100122245014000153260004200293300002100335590002800356910000700384942001400391952010600405999001700511000038169DO-SdBNP20220920111832.0ta130320s1991 dr 000 0 spa d aDO-SdBNPbspacBNPHU a262.91bJ91c1 aJuan Pablo II, Papa98240510aCarta encíclica Redemptoris missio del sumo ponífice Juan Pablo II sobre la permanente validez del mandato misionerocJuan Pablo II aSanto Domingo :bEdiciones MSC,c1991 a154 p. ;c22 cm. aInventariado, 2022 / DG aDG 2ddccLBS1 00102ddc51708MOaBNPHUbBNPHUcCTd2022-09-20oBNPHU 262.91 PD J91cp2022-3987r2022-05-17yLBS1 c51743d51743